FUNNY CIDE (Registro nro. 2064)
[ vista simple ]
| 000 -LEADER | |
|---|---|
| fixed length control field | 00976nam a22002057a 4500 |
| 003 - CONTROL NUMBER IDENTIFIER | |
| control field | OSt |
| 005 - DATE AND TIME OF LATEST TRANSACTION | |
| control field | 20260410114316.0 |
| 008 - FIXED-LENGTH DATA ELEMENTS--GENERAL INFORMATION | |
| fixed length control field | 260410b |||||||| |||| 00| 0 eng d |
| 020 ## - INTERNATIONAL STANDARD BOOK NUMBER | |
| International Standard Book Number | 0399151796 |
| 082 ## - DEWEY DECIMAL CLASSIFICATION NUMBER | |
| Edition number | 0399151796 |
| 100 ## - MAIN ENTRY--PERSONAL NAME | |
| Personal name | Sally Jenkins. |
| 245 ## - TITLE STATEMENT | |
| Title | FUNNY CIDE |
| Remainder of title | How a Horse, a Trainer, a Jockey, and a Bunch of High School Buddies Took on the Sheiks and Blue Bloods—and Won. |
| 250 ## - EDITION STATEMENT | |
| Edition statement | 1 |
| 260 ## - PUBLICATION, DISTRIBUTION, ETC. | |
| Place of publication, distribution, etc. | E.E.U.U |
| Name of publisher, distributor, etc. | G.P. Putnam's Sons. |
| Date of publication, distribution, etc. | 2004 |
| 300 ## - PHYSICAL DESCRIPTION | |
| Extent | 279 pág |
| Dimensions | 16X24 |
| 490 ## - SERIES STATEMENT | |
| Materials specified | Tapa dura |
| 520 ## - SUMMARY, ETC. | |
| Summary, etc. | El libro narra la historia real de Funny Cide, un caballo de carreras castrado de Nueva York que se convirtió en una sensación nacional al ganar el Derby de Kentucky y el Preakness Stakes en 2003. La obra destaca cómo un grupo improbable de amigos de la secundaria, junto con un entrenador y un jockey, lograron vencer a los dueños de caballos más ricos y poderosos del mundo de la hípica. |
| 700 ## - ADDED ENTRY--PERSONAL NAME | |
| Personal name | FUNNY CIDE |
| 942 ## - ADDED ENTRY ELEMENTS (KOHA) | |
| Source of classification or shelving scheme | Dewey Decimal Classification |
| Koha item type | Acceso Libre |
| Suppress in OPAC | No |
| Withdrawn status | Lost status | Source of classification or shelving scheme | Damaged status | Not for loan | Collection | Home library | Current library | Shelving location | Date acquired | Source of acquisition | Coded location qualifier | Inventory number | Total checkouts | Full call number | Barcode | Date last seen | Copy number | Price effective from | Koha item type |
|---|---|---|---|---|---|---|---|---|---|---|---|---|---|---|---|---|---|---|---|
| Dewey Decimal Classification | Estantería F Fila 2 | Biblioteca Stanford | Biblioteca Stanford | Biblioteca Abierta | 10.04.2026 | LECTURA | 0488 | 0488 | LECTURA | BIBLIO0488 | 10.04.2026 | 1 | 10.04.2026 | Acceso Libre |